Mon oncle Jules et autres nouvelles

Guardat en:
Dades bibliogràfiques
Autor principal: Maupassant, Guy de
Format: Llibre
Idioma:Undetermined
Publicat: Dänemark Easy Readers 1970
Matèries:
Etiquetes: Afegir etiqueta
Sense etiquetes, Sigues el primer a etiquetar aquest registre!

MARC

LEADER 00000nam a2200000Ia 4500
008 170316s9999 xx 000 0 und d
040 |a cru BVZT 
090 |a 840 M-14m 
100 |a Maupassant, Guy de 
245 |a Mon oncle Jules et autres nouvelles 
260 |a Dänemark 
260 |b Easy Readers 
260 |c 1970 
300 |a 90 páginas 
650 |a LITERATURA FRANCESA 
999 |c 7787  |d 7787 
942 |c 15 D  |h 840 M-14m  |2 z